Moderné formy marketingu na internete bakalárska práca

Salvato in:
Dettagli Bibliografici
Autore principale: Danielová, Zuzana
Ente Autore: Obchodná fakulta EU. Katedra marketingu
Altri autori: Paľko, Peter, 1987-
Natura: Libro
Lingua:slovacco
Pubblicazione: Bratislava 2013
Tags: Aggiungi Tag
Nessun Tag, puoi essere il primo ad aggiungerne!!

MARC

LEADER 00000nbm a2200000 4500
001 0171283
005 20161109112028.1
041 0 |a slo 
044 |a SK 
245 1 0 |a Moderné formy marketingu na internete  |b bakalárska práca  |c Zuzana Danielová ; školiteľ: Peter Paľko 
264 1 |a Bratislava  |c 2013 
300 |a 48 s. 
100 1 |a Danielová, Zuzana 
700 1 |a Paľko, Peter, 1987- 
710 2 |a Obchodná fakulta EU. Katedra marketingu